| 000 | 00492nam a22001577a 4500 | ||
|---|---|---|---|
| 003 | OSt | ||
| 008 | 250206b |||||||| |||| 00| 0 eng d | ||
| 041 | _aeng | ||
| 082 |
_a621.43 _bGIL/FU |
||
| 100 |
_aGill, Paul W _97090 |
||
| 245 |
_aFundamentals of Internal Combustion Engines as applied to _bReciprocating, Gas Turbine and Jet Propulsion Power Plants |
||
| 250 | _a4th Revised | ||
| 260 |
_aNew Delhi: _bOxford & IBH Publishing Co Pvt Ltd, _c1959. |
||
| 300 | _a20-17+I-13p. | ||
| 942 | _cBK | ||
| 999 |
_c19318 _d19318 |
||